| 000 | 00523cam a22002291 4500 | ||
|---|---|---|---|
| 001 | sa 65000149 | ||
| 003 | DLC | ||
| 005 | 20260227112101.0 | ||
| 008 | 940607s1961 ii 000 1 beno | ||
| 010 | _asa 65000149 | ||
| 025 | _aPL480:EP-B-105 | ||
| 035 | _a(OCoLC)30568300 | ||
| 040 |
_aDLC _cCU _dCU _dDLC |
||
| 042 | _apremarc | ||
| 050 | 0 | 0 |
_aPK1718.I43 _bJ3 |
| 100 | 1 | _aImam, Ibane. | |
| 245 | 1 | 0 | _aJale sthale. |
| 260 | _c[1961] | ||
| 300 |
_a248 p. _c23 cm. |
||
| 500 | _aIn Bengali. | ||
| 500 | _aA novel. | ||
| 999 |
_c61389 _d61389 |
||